Manual of First Aid (Record no. 251199)

MARC details
000 -LEADER
fixed length control field 00360pam a2200145a 44500
008 - FIXED-LENGTH DATA ELEMENTS--GENERAL INFORMATION
fixed length control field 230405s2012 xxu||||| |||| 00| 0 eng d
020 ## - INTERNATIONAL STANDARD BOOK NUMBER
International Standard Book Number 97871793846
Terms of availability Rs. 250
082 ## - DEWEY DECIMAL CLASSIFICATION NUMBER
Classification number 610.73
Item number GUP
100 ## - MAIN ENTRY--PERSONAL NAME
Personal name Gupta, L.C.
245 ## - TITLE STATEMENT
Title Manual of First Aid
260 ## - PUBLICATION, DISTRIBUTION, ETC.
Place of publication, distribution, etc. New Delhi
Name of publisher, distributor, etc. Jaypee Pub
Date of publication, distribution, etc. 2012
300 ## - PHYSICAL DESCRIPTION
Extent 441 p
700 ## - ADDED ENTRY--PERSONAL NAME
Personal name Gupta, Abhitabh
906 ## - LOCAL DATA ELEMENT F, LDF (RLIN)
a 002486

No items available.